| 000 | 00623nam a2200217 a 4500 | ||
|---|---|---|---|
| 001 | 73816 | ||
| 003 | BD-RjUL | ||
| 005 | 20211209082441.0 | ||
| 008 | 170612s1983 ii a|||| |||| 00| 0 eng d | ||
| 035 | _a(BD-RjUL)74034 | ||
| 040 |
_aBD-RjUL _beng _cBD-RjUL |
||
| 041 | _aeng | ||
| 082 |
_223 _a621.3815 _bBOI 1983 |
||
| 100 | 1 |
_aBotkar, K. R. _9218570 |
|
| 245 | 1 | 0 |
_aIntegrated circuits : _ba textbook for engineering students / _cK. R. Botkar |
| 250 | _a2nd ed. | ||
| 260 |
_aNew Delhi : _bKhanna Publishers, _c1983 |
||
| 300 |
_a290 p. : _bill. ; _c21 cm. |
||
| 650 |
_aIntegrated circuits _9218571 |
||
| 942 |
_2ddc _cBK |
||
| 999 |
_c73816 _d73816 |
||